| 000 | 00831nam a2200241Ia 4500 | ||
|---|---|---|---|
| 003 | OSt | ||
| 005 | 20220927105315.0 | ||
| 006 | a|||||r|||| 00| 0 | ||
| 007 | ta | ||
| 008 | 220926b |||||||| |||| 00| 0 eng d | ||
| 024 | _a175958 | ||
| 037 | _cReference Collections | ||
| 040 |
_aRTL _cRTL _beng |
||
| 041 |
_2eng _aeng |
||
| 082 | _a"X:(G:55).594g, P8/UN" | ||
| 110 | _aUNITED NATIONS ENVIRONMENT PROGRAMME | ||
| 245 | 0 |
_aGeneva green guide _b The Geneva environment network's practical guide to Geneva based global organizations working on the environment and sustainable development |
|
| 260 |
_aGeneva _bUnited Nations _c2008 |
||
| 300 |
_a"xi, 109p" _ccm. |
||
| 700 | _aUNITED NATIONS ENVIRONMENT PROGRAMME | ||
| 942 |
_h"X:(G:55).594g, P8/UN" _cCC |
||
| 999 |
_c691717 _d691717 |
||